Consumer behavior : (Record no. 10397)

MARC details
000 -LEADER
fixed length control field 00704cam a22002172 4500
001 - CONTROL NUMBER
control field 0000024866
005 - DATE AND TIME OF LATEST TRANSACTION
control field 20151217152306.0
008 - FIXED-LENGTH DATA ELEMENTS--GENERAL INFORMATION
fixed length control field 140320s xx 000 0 eng d
020 ## - INTERNATIONAL STANDARD BOOK NUMBER
International Standard Book Number 0071318174 :
040 ## - CATALOGING SOURCE
Original cataloging agency KABU
Transcribing agency KABU
100 1# - MAIN ENTRY--PERSONAL NAME
Personal name Hawkins, Del I.
-- 0000148302
245 10 - TITLE STATEMENT
Title Consumer behavior :
Remainder of title building marketing strategy /
Statement of responsibility, etc. Del I. Hawkins and David L. Mothersbaugh.
250 ## - EDITION STATEMENT
Edition statement 12th ed.
260 ## - PUBLICATION, DISTRIBUTION, ETC. (IMPRINT)
Place of publication, distribution, etc. New York :
Name of publisher, distributor, etc. McGraw-Hill,
Date of publication, distribution, etc. 2013.
300 ## - PHYSICAL DESCRIPTION
Extent xxvii, 772 p.
650 #0 - SUBJECT ADDED ENTRY--TOPICAL TERM
Topical term or geographic name as entry element Consumer behavior
Geographic subdivision United States.
-- 0000148303
700 1# - ADDED ENTRY--PERSONAL NAME
Personal name Mothersbaugh, David L.
-- 0000185119
852 1# - LOCATION
-- p3950 KES
908 ## - PUT COMMAND PARAMETER (RLIN)
Put command parameter 140320
950 ## - LOCAL HOLDINGS (RLIN)
-- 1
Holdings
Withdrawn status Lost status Source of classification or shelving scheme Not for loan Home library Current library Date acquired Total Checkouts Full call number Barcode Date last seen Price effective from Koha item type
    Library of Congress Classification   Kabarak, Main Campus Kabarak, Main Campus 17/12/2015   HF5415.33 .U6H39 2013 c. 1 017998 17/12/2015 17/12/2015 General Collection
Designed with assistance from East African Informatics Ltd